Sports Quiz

Random Sports Quiz
Score 0/120 Timer 10:00
0 Plays Today
Team Player % Correct
SC BernLeonardo Genoni
92.3%
SC BernLeonardo Genoni
92.3%
SC BernLeonardo Genoni
92.3%
HC DavosLeonardo Genoni
92.3%
HC DavosLeonardo Genoni
92.3%
HC DavosLeonardo Genoni
92.3%
HC DavosLeonardo Genoni
92.3%
HC DavosLeonardo Genoni
92.3%
HC DavosLeonardo Genoni
92.3%
EV ZugLeonardo Genoni
92.3%
EHC Biel-BienneJonas Hiller
84.6%
EHC Biel-BienneJonas Hiller
84.6%
EHC Biel-BienneJonas Hiller
84.6%
EHC Biel-BienneJonas Hiller
84.6%
Genève-Servette HCRobert Mayer
84.6%
Genève-Servette HCRobert Mayer
84.6%
Genève-Servette HCRobert Mayer
84.6%
Genève-Servette HCRobert Mayer
84.6%
Genève-Servette HCRobert Mayer
84.6%
ZSC LionsLukas Flüeler
84.6%
ZSC LionsLukas Flüeler
84.6%
ZSC LionsLukas Flüeler
84.6%
ZSC LionsLukas Flüeler
84.6%
ZSC LionsLukas Flüeler
84.6%
ZSC LionsLukas Flüeler
84.6%
ZSC LionsLukas Flüeler
84.6%
ZSC LionsLukas Flüeler
84.6%
ZSC LionsLukas Flüeler
84.6%
SC BernMarco Bührer
76.9%
SC BernMarco Bührer
76.9%
SC BernMarco Bührer
76.9%
SC BernMarco Bührer
76.9%
SC BernMarco Bührer
76.9%
EHC Biel-BienneReto Berra
76.9%
EHC Biel-BienneReto Berra
76.9%
EHC Biel-BienneReto Berra
76.9%
HC Fribourg-GottéronReto Berra
76.9%
HC Fribourg-GottéronReto Berra
76.9%
Genève-Servette HCTobias Stephan
76.9%
Genève-Servette HCTobias Stephan
76.9%
Team Player % Correct
Genève-Servette HCTobias Stephan
76.9%
Genève-Servette HCTobias Stephan
76.9%
ZSC LionsNiklas Schlegel
76.9%
EV ZugTobias Stephan
76.9%
EV ZugTobias Stephan
76.9%
EV ZugTobias Stephan
76.9%
EV ZugTobias Stephan
76.9%
EV ZugTobias Stephan
76.9%
Lausanne HCTobias Stephan
76.9%
HC Ambri-PiottaBenjamin Conz
69.2%
HC Ambri-PiottaBenjamin Conz
69.2%
HC Fribourg-GottéronBenjamin Conz
69.2%
HC Fribourg-GottéronBenjamin Conz
69.2%
HC Fribourg-GottéronBenjamin Conz
69.2%
HC Fribourg-GottéronBenjamin Conz
69.2%
HC Fribourg-GottéronBenjamin Conz
69.2%
HC LuganoBenjamin Conz
69.2%
SCL TigersBenjamin Conz
69.2%
HC Ambri-PiottaDaniel Manzato
61.5%
HC DavosGilles Senn
61.5%
HC DavosGilles Senn
61.5%
HC LuganoDaniel Manzato
61.5%
HC LuganoDaniel Manzato
61.5%
HC LuganoDaniel Manzato
61.5%
HC LuganoElvis Merzlikins
61.5%
HC LuganoElvis Merzlikins
61.5%
HC LuganoElvis Merzlikins
61.5%
HC LuganoElvis Merzlikins
61.5%
SCRJ LakersDaniel Manzato
61.5%
SCRJ LakersDaniel Manzato
61.5%
SCRJ LakersMelvin Nyffeler
61.5%
SCRJ LakersMelvin Nyffeler
61.5%
HC Ambri-PiottaSandro Zurkirchen
53.8%
HC Ambri-PiottaSandro Zurkirchen
53.8%
HC Ambri-PiottaSandro Zurkirchen
53.8%
HC Ambri-PiottaSandro Zurkirchen
53.8%
HC DavosSandro Aeschlimann
53.8%
HC LuganoSandro Zurkirchen
53.8%
SCL TigersDamiano Ciaccio
53.8%
SCL TigersIvars Punnenovs
53.8%
Team Player % Correct
SCL TigersIvars Punnenovs
53.8%
SCL TigersDamiano Ciaccio
53.8%
SCL TigersIvars Punnenovs
53.8%
Lausanne HCSandro Zurkirchen
53.8%
Lausanne HCSandro Zurkirchen
53.8%
Kloten Flyers / EHC KlotenMartin Gerber
46.2%
Kloten Flyers / EHC KlotenMartin Gerber
46.2%
Kloten Flyers / EHC KlotenMartin Gerber
46.2%
Kloten Flyers / EHC KlotenMartin Gerber
46.2%
HC Fribourg-GottéronCristobal Huet
38.5%
HC Fribourg-GottéronCristobal Huet
38.5%
HC LuganoDavid Aebischer
38.5%
Kloten Flyers / EHC KlotenRonnie Rüeger
38.5%
Kloten Flyers / EHC KlotenRonnie Rüeger
38.5%
Kloten Flyers / EHC KlotenRonnie Rüeger
38.5%
Kloten Flyers / EHC KlotenLuca Boltshauser
38.5%
SCRJ LakersDavid Aebischer
38.5%
SCRJ LakersDavid Aebischer
38.5%
Lausanne HCCristobal Huet
38.5%
Lausanne HCCristobal Huet
38.5%
Lausanne HCCristobal Huet
38.5%
Lausanne HCCristobal Huet
38.5%
HC DavosAnders Lindbäck
30.8%
SC BernTomi Karhunen
23.1%
Genève-Servette HCGauthier Descloux
23.1%
EV ZugJussi Markkanen
23.1%
EV ZugJussi Markkanen
23.1%
EV ZugJussi Markkanen
23.1%
HC Ambri-PiottaThomas Bäumle
15.4%
HC Ambri-PiottaThomas Bäumle
15.4%
HC Fribourg-GottéronBarry Brust
15.4%
SCL TigersThomas Bäumle
15.4%
SCRJ LakersTim Wolf
15.4%
SC BernJanick Schwendener
7.7%
EHC Biel-BienneLukas Meili
7.7%
EHC Biel-BienneSimon Rytz
7.7%
EHC Biel-BienneSimon Rytz
7.7%
HC Ambri-PiottaNolan Schaefer
0%
EV ZugEero Kilpeläinen
0%
SCL TigersRobert Esche
0%
Remove Ads.
Support Sporcle.
Get the best of Sporcle when you Go Orange. This ad-free experience offers more features, more stats, and more fun while also helping to support Sporcle. Thank you for becoming a member.

You're not logged in!

Compare scores with friends on all Sporcle quizzes.
OR
Log In

Sporcle TV

Today on Sporcle TV


Watch our educational content, quiz creation guides, and fun videos on Sporcle TV.

Show Comments

Extras

Created May 13, 2020ReportNominate
Tags:2010, goal, Player, team

Top Quizzes Today


Score Distribution

Paid Content

Your Account Isn't Verified!

In order to create a playlist on Sporcle, you need to verify the email address you used during registration. Go to your Sporcle Settings to finish the process.

Report this User

Report this user for behavior that violates our Community Guidelines.

Details: